Diseño de anteproyecto: Universidad en Ciencias de la salud, Somoto, Madriz

Presenta un anteproyecto como punto de partida y guía para desarrollar el diseño de infraestructuras de enseñanza superior a través de los estudios y cálculos planteados que podrán ser un modelo a seguir para próximos diseños arquitectónicos que requieran de estos espacios de enseñanza....

Full description

Bibliographic Details
Main Authors: Duran Rios, Erika Julissa, Gonzalez Buitrago, Crista Xilonem
Other Authors: Tutor: López Manzanares, Claudia
Format: Tesis Section = Libro
Language:Undetermined
Spanish
Published: Managua UNI 2018
Subjects:
LEADER 01159nam a2200265Ia 4500
008 240830s9999 xx 000 0 und d
040 |a BIBLIOTECA-RUSB/ Mon 725.1 D948 
041 |a spa 
082 |a Mon 725.1 D948 
100 1 |a Duran Rios, Erika Julissa 
100 1 |b Gonzalez Buitrago, Crista Xilonem 
245 1 0 |a Diseño de anteproyecto: Universidad en Ciencias de la salud, Somoto, Madriz 
260 |a Managua  |b UNI  |c 2018 
300 |a 117 p. :il. 
500 |a Contiene: anexos y CD. 
502 |a Tesis (Arquitecto) - UNI, 2018. 
520 3 |a Presenta un anteproyecto como punto de partida y guía para desarrollar el diseño de infraestructuras de enseñanza superior a través de los estudios y cálculos planteados que podrán ser un modelo a seguir para próximos diseños arquitectónicos que requieran de estos espacios de enseñanza. 
650 7 |a DISEÑO ARQUITECTONICO- UNIVERSIDAD 
650 7 |b  DISEÑO DE ESTRUCTURAS 
650 7 |c  ANALISIS AMBIENTAL 
650 7 |d  ARQUITECTURA- EDIFICIOS UNIVERSIDAD- MODELOS ANALOGOS 
700 1 |a Tutor:  |b López Manzanares, Claudia 
942 |c BK  |2 ddc 
991 |a TESIS 
999 |c 21205